[Event "American Continental-ch 2018"]
[Site "Montevideo"]
[Date "2018.06.04"]
[Round "5"]
[White "Santarius, Erik"]
[Black "Mekhitarian, Krikor Sevag"]
[Result "1/2-1/2"]
[WhiteElo "2387"]
[BlackElo "2546"]
[Annotator "TA"]
[PlyCount "159"]
[EventDate "2018.??.??"]
[EventType "swiss"]
[EventCountry "URU"]
[SourceTitle "playchess.com"]
[Source "ChessBase"]
[SourceQuality "1"]

{[%evp 18,159,20,28,32,28,32,18,22,27,41,7,8,5,4,8,5,7,10,10,5,-87,-85,-88,-87,-90,-89,-90,-92,-91,-80,-81,-81,-81,-83,-82,-87,-87,-75,-76,-71,-83,-77,-99,-99,-99,-99,-99,-99,-102,-92,-92,-92,-92,-92,-92,-92,-92,-92,-92,0,-92,-92,-92,-92,-92,-92,-92,-92,-92,-92,-92,-92,-92,-92,-92,-92,-92,-45,-45,0,-92,-92,-115,-115,-115,-92,-115,-115,-115,-92,-115,-115,-115,-92,-92,-92,-92,-92,-92,-92,-92,-92,-92,-92,-92,0,-92,-92,-92,0,-92,0,-29972,-29971,-5069,-115,-115,-92,-115,0,-115,-92,-92,0,-115,-92,-92,0,-115,-92,-92,-92,-92,-92,-92,-82,-82,-82,-82,-8,-8,8,8]} 1. d4 Nf6 2. c4 e6 3. Nf3 d5 4. g3 Bb4+ 5. Bd2 Be7 6. Bg2 O-O 7. O-O Nbd7 8. Qc2 Ne4 9. Bf4 c6 10. h4 {LiveBook: 3 Games. E08: Closed Catalan: Main Line: 7 Qc2} f5 (10... Ndf6 11. Nbd2 Nxd2 12. Nxd2 Nh5 13. Be3 f5 14. Bf3 Qe8 15. Bg5 Nf6 16. e3 b6 17. Rac1 Ba6 {½-½ (43) Meier,G (2648)-Carlsen,M (2843) Karlsruhe/Baden-Baden 2018}) 11. Nc3 Bf6 12. Rad1 {White is slightly better.} h6 13. Ne5 $146 ({Predecessor:} 13. Bc1 Qe7 14. Nh2 Nd6 {0-1 (47) Abbakumov,Y (2360)-Shankovsky,A (2252) Alushta 2008}) 13... g5 14. Nxd7 (14. hxg5 {is interesting.} hxg5 15. Nxe4 dxe4 16. Bd2 Kg7 17. Bc3) 14... Bxd7 15. hxg5 hxg5 16. Nxe4 gxf4 17. Nxf6+ Qxf6 18. gxf4 Kf7 19. Qb3 (19. cxd5 $11 exd5 20. Rd3) 19... Rh8 $1 $17 20. Rd3 (20. Qxb7 $2 Qh4 $19) 20... dxc4 21. Qxc4 Rag8 $1 22. Rfd1 Qh4 {[%csl Gh8][%cal Rh4h1] [#]} 23. Rg3 $1 {[%mdl 512] Threatening Qb3.} Rxg3 24. fxg3 Qxg3 25. Qb3 Qh2+ (25... Qxf4 $6 26. Qxb7 Qe3+ 27. Kf1 $11) 26. Kf2 Qxf4+ 27. Qf3 Qxf3+ 28. Bxf3 {[%mdl 4096] Endgame KRB-KRB} Kf6 29. e3 Rh7 30. Rh1 Rxh1 31. Bxh1 {KB-KB} e5 32. dxe5+ Kxe5 33. Bf3 a5 34. a3 a4 35. Ke2 b6 36. Kd3 c5 37. Kc3 Bb5 38. Bd1 Bd7 39. Bf3 $1 b5 40. Bg2 Kf6 41. Bh3 Kg5 42. Kd2 Kh4 43. Bf1 Kg3 44. Bd3 Kf2 45. Bc2 b4 46. axb4 cxb4 47. Bd3 Be6 48. Bc2 $1 Bd7 (48... b3 {keeps more tension.} 49. Bb1 Bd7 50. Bd3 Kf3 51. Be2+ Kg3) 49. Bd3 Kf3 50. Bc2 Kg3 51. Bd3 Kh4 52. Bc2 Kg5 53. Bd3 Kf6 54. Kc1 Ke5 55. Kd2 Kd6 56. Kc1 Kd5 57. Kd2 Kc5 58. Kc2 Bc8 59. Kd2 Be6 60. Kc2 Kb6 ({Don't play} 60... a3 $6 61. bxa3 bxa3 62. Kc3 $11) 61. Kd2 Kc5 62. Kc2 Kd6 ({Much weaker is} 62... a3 $6 63. bxa3 bxa3 64. Bxf5 $1 $11 {[%mdl 512]}) 63. Kd2 Bd7 (63... Kc6 $17 {White must now prevent ...Kd5.} 64. Bc2 Kb5) 64. Bc2 (64. Kc1 $1 $11 {keeps the balance.}) 64... Ke5 ({Much worse is} 64... a3 $6 65. bxa3 bxa3 66. Kc3 $11) ({Black should try} 64... Ke6 $17 {Threatens to win with ...Ke5.} 65. Bd1 Ke5) 65. Bb1 $2 {[%mdl 8192]} (65. Bd3 $11) 65... Bb5 $1 {[%cal Rb5c4]} 66. Bc2 {[#]} Be8 $2 (66... b3 $1 $19 {[%cal Rb3c2] has better winning chances.} 67. Bd1 Ke4) 67. Bd3 Bc6 68. Bf1 Bd7 69. Bd3 Be6 70. Bc2 Bb3 (70... a3 $17 {( -> ...a2)} 71. bxa3 bxa3) 71. Bd3 (71. Bxb3 $11 axb3 72. Ke1) 71... Ba2 72. Bb5 Bb3 73. Bd3 Bd5 74. Bb5 a3 75. bxa3 bxa3 76. Kc3 a2 77. Kb2 Ke4 78. Bd7 {[#]} Kxe3 (78... Bb3 $1 $17 {[%mdl 512]}) 79. Bxf5 $11 {[#]} a1=Q+ $1 {[%mdl 512]} 80. Kxa1 {Precision: White = 73%, Black = 50%.} 1/2-1/2

[Event "American Continental-ch 2018"]
[Site "Montevideo"]
[Date "2018.06.04"]
[Round "5"]
[White "Ruiz Castillo, Joshua Daniel"]
[Black "El Debs, Felipe De Cresce"]
[Result "0-1"]
[WhiteElo "2378"]
[BlackElo "2537"]
[Annotator "TA RC"]
[PlyCount "92"]
[EventDate "2018.??.??"]
[EventType "swiss"]
[EventCountry "URU"]
[SourceTitle "playchess.com"]
[Source "ChessBase"]
[SourceQuality "1"]

{[%evp 24,92,61,43,68,80,66,67,89,75,51,56,87,70,143,121,137,107,172,173,153,133,136,131,117,123,163,171,259,257,252,241,223,226,316,304,322,98,268,274,266,158,195,0,0,0,0,-107,-59,-58,0,0,0,-5,-11,-11,0,0,0,0,0,-639,-649,-628,-626,-671,-668,-643,-627,-544,-507]} 1. e4 c5 2. Nf3 Nc6 3. d4 cxd4 4. Nxd4 Nf6 5. Nc3 d6 6. Bg5 e6 7. Qd2 a6 8. O-O-O Bd7 9. f4 b5 10. Nxc6 Bxc6 11. Qe3 Be7 {B67: Sicilian: Richter-Rauzer: 7...a6 8 0-0-0 Bd7, lines without 9 f4 Be7} 12. Bxf6 gxf6 13. f5 {LiveBook: 7 Games} b4 {White is slightly better.} (13... Qa5 14. Kb1 b4 15. Ne2 Qe5 16. Qb6 Qb5 17. Qf2 Qe5 18. Qb6 Qb5 19. Qf2 Qe5 {½-½ (19) Motylev,A (2698)-Giri,A (2750) Biel 2014}) 14. Ne2 e5 15. Ng3 h5 {Black wants to play ...h4.} 16. h4 $146 ({Predecessor:} 16. Bc4 h4 17. Ne2 Bf8 18. Kb1 Qc7 19. g3 {1-0 (35) Suradiradja,H (2330)-Batres,F Buenos Aires 1978}) 16... Qa5 17. Bc4 {[%cal Bf1c4,Bc4b3,Bb3d5][%mdl 32]} Rc8 18. Kb1 Ba4 ({Better is} 18... Rg8 $14) 19. Bb3 Bb5 20. Qf3 Qb6 (20... Qc7 $16) 21. Nxh5 $18 a5 22. Qg4 Rf8 23. Rd2 {Rhd1 is the strong threat.} a4 24. Bd5 Qe3 25. Qd1 $1 Rh8 (25... Rg8 {is a better defense.} 26. a3 Bc4) 26. Rh3 Qc5 27. g4 Bc4 28. g5 Bxd5 29. Rxd5 Qc4 30. gxf6 $2 (30. Nxf6+ $18 {and the rest is easy.} Bxf6 31. gxf6) 30... Bf8 $2 (30... Rxh5 $16 31. fxe7 Rh6) 31. Ng7+ Kd7 32. Qd3 (32. Rxe5 $18 Rh6 33. b3 axb3 34. cxb3 (34. axb3 Qa6 $16) 34... Qc1+ 35. Qxc1 Rxc1+ 36. Kxc1 dxe5 37. h5) 32... Qxd3 33. Rdxd3 $2 (33. cxd3 $18 {aiming for Rb5.} Rc5 34. h5) 33... Rc4 $1 $11 {[%cal Rc4e4]} 34. Rde3 d5 35. b3 (35. exd5 $11 Rcxh4 36. Rxh4 Rxh4 37. a3) 35... axb3 (35... Rc6 {is more complex.} 36. Rd3 d4 37. Rdg3 axb3 38. axb3 Rxf6 39. Rg5 Rh7) 36. axb3 Rxe4 (36... Rd4 $15 37. Re1 Rxe4 38. Rxe4 dxe4) 37. Rxe4 dxe4 $17 {[%mdl 4096] Endgame KRB-KRN} 38. h5 Rh6 39. Kc1 $1 Rxf6 40. h6 {Strongly threatening Kd2.} Rd6 {And now ...e3! would win.} 41. f6 Rxf6 {White must now prevent ...Bxg7.} 42. Kd2 $2 {[%mdl 8192]} (42. Rh5 $11) 42... Bxg7 $1 $19 {Black is clearly winning.} 43. hxg7 Rg6 44. Rh7 {[#]} Rg2+ $1 45. Ke3 Ke6 46. Kxe4 {[#] intending Kf3.} Rg3 $1 {Precision: White = 63%, Black = 48%.} 0-1

[Event "American Continental-ch 2018"]
[Site "Montevideo"]
[Date "2018.06.04"]
[Round "5"]
[White "De Dovitiis, Alejo"]
[Black "Rodriguez Vila, Andres"]
[Result "0-1"]
[WhiteElo "2343"]
[BlackElo "2483"]
[Annotator "TA RC"]
[PlyCount "76"]
[EventDate "2018.??.??"]
[EventType "swiss"]
[EventCountry "URU"]
[SourceTitle "playchess.com"]
[Source "ChessBase"]
[SourceQuality "1"]

{[%evp 17,76,0,0,0,0,0,2,-15,-15,-31,-31,-29,-22,-36,-37,-143,-130,-129,-137,-133,-144,-149,-159,-193,-169,-298,-250,-213,-160,-291,-298,-303,-313,-290,-289,-390,-362,-534,-587,-576,-578,-608,-534,-639,-618,-854,-831,-867,-845,-970,-965,-945,-937,-911,-889,-952,-997,-992,-957,-1110,-973]} 1. e4 e5 2. Nf3 Nc6 3. Bb5 a6 4. Ba4 Nf6 5. O-O b5 6. Bb3 Bc5 7. c3 d6 8. d4 Bb6 9. dxe5 Nxe5 10. Nxe5 {C78: Ruy Lopez: Archangelsk and Möller Defences} dxe5 11. Qxd8+ Kxd8 12. Bg5 {The position is equal.} (12. Bxf7 Rf8 13. Bd5 Nxd5 14. exd5 Bb7 15. Bg5+ Kd7 16. Nd2 h6 17. Be3 Bxe3 18. fxe3 Bxd5 19. e4 Bf7 20. Rf5 Be6 21. Rxe5 Kd6 22. Rh5 c6 23. Nb3 Rae8 24. Rd1+ {½-½ (24) Kononenko,D (2563)-Inarkiev,E (2664) Ohrid 2009}) 12... Ke7 13. a4 Bb7 14. Nd2 $146 ({Predecessor:} 14. axb5 axb5 15. Nd2 h6 16. Bh4 g5 17. Bg3 Nd7 {0-1 (28) Peraza Alvarez,R (2054)-Alvarez Fernandez,D (2168) San Jose 2013}) 14... h6 15. Bh4 Rhd8 $36 {[%mdl 2048] White is under pressure.} 16. Rad1 {[#]} (16. Rfd1 $15) 16... g5 $1 $17 {[%cal Rg5h4]} 17. Bg3 {[#]} Nd7 $1 18. Bc2 f6 19. b4 c5 20. axb5 axb5 {[%cal Ba6b5,Bb5c4][%mdl 32]} 21. c4 (21. Nb1 $142) 21... Bc6 22. Bd3 bxc4 23. b5 (23. bxc5 $17 {was worth a try.} Nxc5 24. Nxc4) 23... cxd3 $19 ({Less strong is} 23... Bxb5 24. Nxc4 Bxc4 25. Bxc4 $17) 24. bxc6 Nb8 25. Nc4 Bc7 26. Ne3 Nxc6 27. Nd5+ {[#]} (27. f3 $142) 27... Rxd5 $1 {Black is clearly winning.} 28. exd5 Nb4 29. Rb1 Kd6 30. f3 Nxd5 31. Rfc1 Ra4 32. Be1 c4 33. h4 Bb6+ 34. Kh2 Be3 35. Rd1 Ra2 36. hxg5 hxg5 37. Kh3 f5 38. g3 d2 {Precision: White = 19%, Black = 92%.} 0-1

[Event "American Continental-ch 2018"]
[Site "Montevideo"]
[Date "2018.06.04"]
[Round "5"]
[White "Varacalli, Francisco"]
[Black "Manzi, Luiz Antonio Bardar"]
[Result "1-0"]
[WhiteElo "2312"]
[BlackElo "2030"]
[Annotator "TA"]
[PlyCount "71"]
[EventDate "2018.??.??"]
[EventType "swiss"]
[EventCountry "URU"]
[SourceTitle "playchess.com"]
[Source "ChessBase"]
[SourceQuality "1"]

{[%evp 20,71,54,43,53,43,67,60,56,53,60,52,60,63,48,50,76,4,7,4,14,11,10,30,142,134,140,129,127,131,151,141,137,151,173,146,222,203,381,385,473,475,441,447,494,489,508,491,584,581,596,583,743,735]} 1. e4 {[%cal Be2e4,Be4e5][%mdl 32]} Nf6 2. e5 Nd5 3. c4 Nb6 4. d4 d6 5. exd6 cxd6 6. Nc3 g6 7. Be3 Bg7 8. Rc1 O-O 9. b3 e6 {B03: Alekhine's Defence: Four Pawns Attack} (9... Bf5 10. d5 e5 11. dxe6 Bxe6 12. Nge2 d5 13. c5 Nc6 14. Nd4 Bxd4 15. Bxd4 Re8 16. cxb6 Qh4 17. Ne2 axb6 {1-0 (38) Xiong,J (2618)-Kamsky,G (2678) Saint Louis 2016}) 10. Nf3 Nc6 11. Be2 {LiveBook: 4 Games} Bd7 {White is slightly better.} 12. Qd2 e5 $146 ({Predecessor:} 12... d5 13. c5 Nc8 14. h4 N8e7 15. g4 e5 16. Nxe5 Nxe5 17. dxe5 Bxe5 {1-0 (39) Di Berardino,D (2252)-Teixeira,R (2263) Rio de Janeiro 2002}) 13. dxe5 dxe5 14. c5 Nc8 $1 {[%cal Bb6c8,Bc8e7,Be7f5][%mdl 32]} 15. Rd1 Bg4 16. h3 (16. Qc1 {is interesting.} Qa5 17. a3 Bxf3 18. b4 Qc7 19. Bxf3 Nd4 20. Be4) 16... Qxd2+ 17. Rxd2 Bxf3 18. gxf3 ({White should play} 18. Bxf3 $16 {Threatening Rd7.} f5 19. Bd5+ Kh8 20. Bxc6 bxc6 21. Rd7) 18... N8e7 19. Rd7 $36 {[%mdl 2048] White has good play.} Rab8 20. O-O Nf5 21. Bc4 Nb4 (21... e4 $11 22. Nxe4 Ne5) 22. Rfd1 $16 Nc2 23. Bg5 Ncd4 24. Kg2 b6 25. Rxa7 bxc5 26. Ne4 Rbc8 27. Rd3 h5 (27... h6 $16 {was worth a try.}) 28. a4 $18 {[%cal Ba2a4,Ba4a5,Ba5a6,Ba6a7][%mdl 32]} Rc6 $2 {[#]} (28... Bh6 {was called for.} 29. Be7 Ra8) 29. a5 h4 30. Bd5 {White is clearly winning.} Rcc8 31. a6 Bh6 32. Bxh6 Nxh6 33. Rd2 Kg7 34. Rd7 Nc6 35. a7 Nd4 36. Ra2 {Precision: White = 86%, Black = 26%.} 1-0

[Event "American Continental-ch 2018"]
[Site "Montevideo"]
[Date "2018.06.04"]
[Round "5"]
[White "Muniz, Rafael"]
[Black "Hungaski, Robert"]
[Result "0-1"]
[WhiteElo "2290"]
[BlackElo "2510"]
[Annotator "TA"]
[PlyCount "137"]
[EventDate "2018.??.??"]
[EventType "swiss"]
[EventCountry "URU"]
[SourceTitle "playchess.com"]
[Source "ChessBase"]
[SourceQuality "1"]

{[%evp 32,137,38,41,42,48,37,18,26,10,18,19,22,22,29,0,35,23,18,10,22,21,26,0,31,10,25,0,0,-61,0,-24,-16,-29,-25,-13,-19,-36,-45,-60,-35,-97,-95,-96,-100,-90,-97,-135,-135,-137,-143,-127,-83,-83,-84,-99,-83,-84,-84,-101,-90,-101,-99,-146,-106,-106,-106,-99,-87,-135,-135,-155,-146,-146,-135,-135,-135,-135,-20,-145,-8,-580,-580,-1208,-213,-580,-579,-1508,-1118,-5579,-5049,-5418,-5189,-5085,-2441,-29971,-29973,-29978,-29979,-29979,-29979,-29981,-29982,-29984,-29985,-29986,-29982,-29982]} 1. e4 e6 2. d4 d5 3. Nd2 c5 4. exd5 exd5 5. Ngf3 Nc6 6. Bb5 Bd6 7. dxc5 Bxc5 8. O-O Nge7 9. Nb3 Bd6 10. Re1 O-O 11. Bg5 Qc7 12. c3 Bg4 13. h3 {C09: Französische Verteidigung (Tarrasch-Variante)} Bh5 14. Be2 a6 15. Bxe7 Nxe7 16. Nfd4 Bg6 17. Bd3 {LiveBook: 4 Partien} Rad8 (17... Rfd8 18. Bxg6 hxg6 19. Nf3 b5 20. Nbd4 Nc6 21. Nxc6 {½-½ (21) Azarov,S (2596)-Fridman,D (2645) Bad Wiessee 2010}) 18. Bxg6 hxg6 19. Qg4 Nc6 20. Re2 $146 ({Vorgänger:} 20. Nf3 Ne5 21. Nxe5 {½-½ (21) Ost Hansen,J-Ogaard,L (2490) Bremen 1976}) 20... Rfe8 21. Rae1 Rxe2 22. Rxe2 Ne5 {[%cal Bc6e5,Be5d7,Bd7f6,Bf6e4][%mdl 32]} 23. Qh4 Nd7 24. Nf3 {[%cal Bd4f3,Bf3d2,Bd2f1,Bf1e3][%mdl 32]} Nf6 25. Qd4 Ne4 26. Kf1 Bf8 27. Kg1 b5 28. Nfd2 Nf6 (28... Nc5 {keeps more tension.} 29. g3 a5 30. Kg2 b4 31. Qe3 Nxb3 32. Nxb3 bxc3 33. Qxc3 Qxc3 34. bxc3 Rc8) 29. Nf1 a5 30. a4 (30. a3 $11) 30... Rb8 (30... b4 $15) 31. Ne3 Qd7 32. axb5 Qxb5 33. Nc1 Bc5 34. Qd3 Qc6 35. Rd2 {[%cal Re3d5]} Ne4 (35... Bxe3 {is more complex.} 36. fxe3 Ne4 37. Rc2 Qa4 38. b3 Qe8) 36. Qxd5 ({Lieber} 36. Rc2 $15) 36... Qxd5 $17 37. Rxd5 Bxe3 38. fxe3 Rxb2 $15 {[%mdl 4096] Endspiel Und ...Tb1 würde nun gewinnen. KTS-KTS} 39. Nd3 Rd2 40. Re5 Rd1+ 41. Kh2 Rxd3 42. Rxe4 Rxc3 $17 {KT-KT} 43. Re8+ Kh7 44. Ra8 Rc5 45. h4 g5 46. hxg5 Rxg5 47. Kg1 Kg6 48. Kf2 f6 49. Ra7 Kh5 50. e4 Kg4 $1 51. e5 Rf5+ 52. Kg1 Rxe5 {Weiss muss nun ...g5 beachten.} 53. Rxg7+ Kf4 54. Kf2 Ke4 (54... f5 $17 {...Tb5 ist eine echte Drohung.} 55. Rd7 Re4 56. g3+ Ke5) 55. Ra7 {[#]} (55. g4 $1 $11 {war der einzige Weg, das Gleichgewicht zu behalten.}) 55... Kd3 ({Günstiger ist} 55... f5 $1 $17 {Droht stark ...Kd3.} 56. Rh7 Kd3) 56. Ra6 $2 {[%mdl 8192] [#]} (56. g4 $1 $11) 56... f5 $1 $19 57. Rc6 Kd4 $2 (57... a4 58. Ra6 Re4) 58. Kf3 $2 (58. Rc7 {leistet mehr Widerstand.}) 58... Rc5 59. Rb6 Kc4 60. Ke3 Rd5 61. Rb8 a4 {[%cal Ba5a4,Ba4a3,Ba3a2][%mdl 32]} 62. Ra8 Kb4 63. g4 fxg4 {Schwarz setzt Matt.} 64. Rg8 a3 65. Rxg4+ Kb3 66. Rg8 a2 67. Ra8 Rb5 68. Kd3 Kb2 69. Kd4 {Precision: Weiß = 24%, Schwarz = 59%.} 0-1

[Event "American Continental-ch 2018"]
[Site "Montevideo"]
[Date "2018.06.04"]
[Round "5"]
[White "Coro, Lucas"]
[Black "Tristan, Leonardo"]
[Result "1/2-1/2"]
[WhiteElo "2269"]
[BlackElo "2459"]
[Annotator "TA"]
[PlyCount "48"]
[EventDate "2018.??.??"]
[EventType "swiss"]
[EventCountry "URU"]
[SourceTitle "playchess.com"]
[Source "ChessBase"]
[SourceQuality "1"]

{[%evp 26,48,16,24,55,31,54,46,70,50,49,36,50,43,55,47,47,38,29,41,38,22,29,-16,0]} 1. e4 e5 2. Nf3 Nc6 3. Bb5 a6 4. Ba4 Nf6 5. O-O Be7 6. Re1 b5 7. Bb3 d6 8. c3 O-O 9. h3 Na5 10. Bc2 c5 11. d4 Nd7 12. a4 b4 {C96: Closed Ruy Lopez: Chigorin Defence: 11 d4, replies other than 11...Qc7} 13. cxb4 (13. Nbd2 Rb8 14. Nf1 b3 15. Bd3 exd4 16. cxd4 c4 17. Be2 c3 18. Ng3 Nf6 19. Bd3 Nc6 20. d5 {0-1 (37) Quesada Perez,Y (2627)-Caruana,F (2811) chess.com INT 2018}) 13... cxb4 14. Nbd2 {[%cal Bb1d2,Bd2f1,Bf1g3][%mdl 32] LiveBook: 11 Games} Bb7 {[#] White has an edge.} 15. d5 $146 ({Predecessor:} 15. Nf1 exd4 16. Nxd4 g6 17. Ne3 Ne5 18. f4 Nec4 19. Nxc4 Nxc4 20. b3 {1-0 (34) Ter Sahakyan,S (2598)-Anton Guijarro,D (2660) Minsk 2017}) 15... Rc8 16. Nf1 $1 b3 17. Bxb3 Nxb3 18. Qxb3 Nc5 19. Qd1 a5 20. Ng3 Ba6 21. Ra3 g6 22. Bh6 Re8 23. Nh2 Rb8 24. Bc1 Bg5 1/2-1/2

[Event "American Continental-ch 2018"]
[Site "Montevideo"]
[Date "2018.06.04"]
[Round "5"]
[White "Pacheco, Daniel"]
[Black "Cori Quispe, Kevin Joel"]
[Result "0-1"]
[WhiteElo "2256"]
[BlackElo "2468"]
[Annotator "TA"]
[PlyCount "68"]
[EventDate "2018.??.??"]
[EventType "swiss"]
[EventCountry "URU"]
[SourceTitle "playchess.com"]
[Source "ChessBase"]
[SourceQuality "1"]

{[%evp 11,68,6,12,15,50,51,49,52,65,63,60,54,61,33,94,40,65,-31,38,38,44,36,34,36,74,52,31,12,14,-26,-16,-16,-15,-17,-16,-12,-11,-21,-4,0,0,0,0,-66,-73,-87,-31,-254,-68,-616,-627,-1152,-1128,-1130,-1045,-1194,-906,-1366,-887]} 1. d4 Nf6 2. g3 e6 3. Bg2 d5 4. Nf3 b5 5. O-O Be7 6. Nbd2 {A46: Damenbauernspiele} (6. Qd3 O-O 7. Bg5 c6 8. Nbd2 a5 9. e4 Ba6 10. Rfe1 h6 11. Bxf6 Bxf6 12. c3 b4 13. c4 dxc4 14. Nxc4 {½-½ (52) Vachier Lagrave,M (2789)-Meier,G (2648) Karlsruhe/Baden-Baden 2018}) 6... Nbd7 {LiveBook: 8 Partien} 7. e4 {[%cal Be2e4,Be4e5][%mdl 32]} O-O 8. e5 $146 {Weiß steht etwas besser.} ({Vorgänger:} 8. Ne5 Bb7 9. exd5 Nxd5 10. c4 bxc4 11. Ndxc4 c5 12. Bd2 cxd4 13. Ba5 {0-1 (42) Pountzas,H (2128)-Kapnisis,S (2455) Nikaia 2015}) 8... Ne8 $1 9. Nb3 c5 10. dxc5 Nxc5 11. Nfd4 Bd7 12. Be3 {zielt auf Sxc5 ab.} Qc7 (12... Na4 $14) 13. f4 (13. Nf5 $16 exf5 14. Bxc5 (14. Qxd5 $2 Rc8 $19) 14... Bxc5 15. Qxd5 Bxf2+ 16. Rxf2) 13... a5 14. f5 (14. Qe2 $14) 14... exf5 (14... Qxe5 $15 15. Bf4 Qf6) 15. Nxf5 $14 Bxf5 16. Rxf5 Nxb3 17. axb3 Bc5 18. Bxc5 Qxc5+ 19. Kh1 Nc7 20. c4 Rad8 21. Qf1 bxc4 22. bxc4 Qb6 23. Rd1 {[%cal Rc4d5]} d4 24. Qf2 a4 25. h4 a3 26. bxa3 Qb3 $36 {[%mdl 2048] Schwarz drückt.} 27. Qf3 (27. Rd2 $11) 27... Qxc4 $15 28. Bf1 Qe6 (28... Qa4 $17 29. Rc1 Ne6) 29. Bd3 $2 {[#]} (29. Kh2 $15) 29... g6 $2 ({Lieber} 29... Nd5 $1 $19 {Droht ...Se3 und aus.} 30. Bc4 g6) 30. Qg4 $2 {[%mdl 8192]} (30. Rf4 $15) 30... Nd5 $19 {Schwarz steht klar auf Gewinn.} 31. Rdf1 Ne3 32. Qg5 h6 33. Qxh6 gxf5 34. Qh5 Qg6 {Precision: Weiß = 31%, Schwarz = 41%.} 0-1

[Event "American Continental-ch 2018"]
[Site "Montevideo"]
[Date "2018.06.04"]
[Round "5"]
[White "Teixeira, Ricardo da Silva"]
[Black "Roselli Mailhe, Bernardo"]
[Result "*"]
[WhiteElo "2235"]
[BlackElo "2433"]
[Annotator "TA"]
[PlyCount "29"]
[EventDate "2018.??.??"]
[EventType "swiss"]
[EventCountry "URU"]
[SourceTitle "playchess.com"]
[Source "ChessBase"]
[SourceQuality "1"]

{[%evp 25,29,6,31,14,24,15]} 1. Nf3 Nf6 2. c4 g6 3. Nc3 Bg7 4. e4 d6 5. d4 O-O 6. Be2 e5 7. dxe5 dxe5 8. Qxd8 Rxd8 9. Bg5 Nbd7 10. O-O-O Rf8 11. Ne1 Nc5 12. f3 c6 13. Nc2 {E92: King's Indian: Classical: 6 Be2 e5: 7 dxe5, 7 Be3 and Petrosian System without 7...Nbd7} a5 {LiveBook: 4 Games} 14. b3 Re8 15. Kb2 $146 ({Predecessor:} 15. Rd2 Be6 16. Kb2 Nfd7 17. g4 f6 18. Be3 Bf8 19. Rhd1 Rec8 20. Bf1 Nb6 {½-½ (59) Banas,J (2360)-Kristiansen,J (2450) Stary Smokovec 1984}) *

[Event "American Continental-ch 2018"]
[Site "Montevideo"]
[Date "2018.06.04"]
[Round "5"]
[White "Donoso Diaz, Sebastian"]
[Black "Sosa, Tomas"]
[Result "1-0"]
[WhiteElo "2184"]
[BlackElo "2453"]
[Annotator "TA"]
[PlyCount "109"]
[EventDate "2018.??.??"]
[EventType "swiss"]
[EventCountry "URU"]
[SourceTitle "playchess.com"]
[Source "ChessBase"]
[SourceQuality "1"]

{[%evp 10,109,72,78,69,62,62,59,62,64,81,81,69,64,59,-3,24,25,15,15,52,59,63,62,52,51,58,56,75,56,62,67,71,25,23,-111,-112,-118,-108,-110,93,92,84,84,86,83,82,68,68,68,68,60,68,63,66,39,68,68,75,78,155,166,129,111,121,0,137,130,243,210,206,0,187,178,306,103,244,144,260,260,258,254,233,232,214,214,214,171,445,439,404,402,1374,558,450,212,29969,29970,29967,29968,29973,29960]} 1. d4 Nf6 2. c4 d6 3. Nf3 Bg4 4. Nc3 Bxf3 5. exf3 e6 (5... g6 6. Be3 Bg7 7. Qb3 Qc8 8. Be2 O-O 9. O-O c6 10. d5 Nbd7 11. Rac1 Qc7 12. Rfd1 Rfc8 13. f4 Nc5 {½-½ (44) Gelfand,B (2741)-Romanov,E (2573) Skopje 2015}) 6. d5 {LiveBook: 6 Games. A53: Old Indian Defence without Nf3} exd5 7. Nxd5 $146 ({Predecessor:} 7. cxd5 Be7 8. Be2 O-O 9. O-O c6 10. Be3 Nbd7 11. a4 Nb6 12. dxc6 bxc6 13. a5 {1-0 (96) Chabot,R (2144)-Duong,T (2157) Montreal 2017}) 7... Nxd5 8. cxd5 {White is slightly better.} Be7 9. Qb3 O-O 10. Qxb7 Nd7 {[%cal Bb8d7,Bd7c5,Bc5a4,Ba4c3][%mdl 32]} 11. Be2 Rb8 12. Qa6 (12. Qxa7 $14 Bf6 13. O-O) 12... Bf6 13. Rb1 Bc3+ 14. Kf1 Nc5 15. Qc4 $1 {[%cal Rc4c3]} Qf6 {White must now prevent ...Rb4.} 16. b4 $1 a5 {[%cal Ra5b4]} 17. a3 Rfe8 18. g3 $1 axb4 19. axb4 Na4 20. Rb3 {Threatens to win with Ra3.} Bd4 21. Rd3 Nc3 22. Bb2 (22. Bd1 $11 {keeps the balance.} Nxd1 23. Qxd4 Qxd4 24. Rxd4) 22... Rxe2 $17 (22... Nxe2 $6 23. Bxd4 Qf5 24. Kg2 $11) 23. Bxc3 Rxf2+ 24. Kg1 {[#]} Bxc3 $2 (24... Bb6 $1 $17 {stays on course.} 25. Bxf6 Rc2+ 26. Bd4 Rxc4 27. Bxb6 Rxb6) 25. Kxf2 $16 Bxb4 26. Rb3 Bc5+ 27. Kg2 Ra8 28. Rhb1 Bb6 29. Qe2 $36 {[%mdl 2048] White is more active.} g6 30. h4 h5 31. Rd3 Kh7 32. Kh2 Qf5 33. Rb4 Ra1 {( -> ...Rh1+!)} 34. Rd1 Ra8 {[#]} (34... Ra3 $142 35. Rf4 Qd7) 35. Rf4 $1 {[%cal Rf4f5]} Qd7 36. Re4 Qf5 37. Rf4 Qd7 38. Re1 Kg7 (38... Ra3 $16) 39. Qb2+ $18 Kh7 40. Qe2 $2 (40. Rfe4 $18) 40... Ra5 $2 (40... Kg7 $1 $11 {and Black has nothing to worry.}) 41. Qc4 Rc5 (41... Kg8 $142 42. g4 hxg4) 42. Qd3 $2 (42. Qe4 $18 {is the precise move to win.}) 42... Ra5 (42... Ba5 $16 {was necessary.} 43. Re2 Bc3) 43. Re2 (43. g4 $18) 43... Ra1 (43... Ra4 $16 44. Rxa4 Qxa4) 44. g4 Ra4 45. Rfe4 Rxe4 46. Qxe4 ({Don't do} 46. Rxe4 hxg4 47. fxg4 Qd8) 46... hxg4 47. fxg4 {[%mdl 4096] Endgame KQR-KQB} Qb5 48. Qf3 Kg8 $2 (48... Kg7 49. h5 (49. Re7 Qb2+ 50. Kh3 Qf6 $18) 49... Bd4) 49. Re7 Qb2+ 50. Kh3 Qg7 (50... f6 $142 51. g5 Bd4) 51. g5 (51. Re8+ $142 Kh7 52. g5) 51... Kf8 52. Re4 Bd4 $2 (52... Ba5 $18 53. Qe2 Qc3+ 54. Re3 Qd4) 53. Qg4 {[%cal Rg4c8] White mates.} Kg8 54. Rxd4 Kh7 55. Qf4 {Precision: White = 53%, Black = 49%.} 1-0